Sátira e invectiva en la España medieval

Uloženo v:
Podrobná bibliografie
Hlavní autor: Scholberg, Kenneth R (Autor)
Médium: Kniha
Jazyk:španělština
Vydáno: Madrid Gredos 1971
Edice:Biblioteca Románica Hispánica. Estudios y Ensayos, 163
Témata:
Tagy: Přidat tag
Žádné tagy, Buďte první, kdo vytvoří štítek k tomuto záznamu!

MARC

LEADER 00000nam a2200000 a 4500
001 UCT7353
003 CL-VaPUC
008 970117e19710000SP |||||||||||||||||spa|d
082 0 4 |a 867.09  |b SCH  |2 21 
100 0 |a Scholberg, Kenneth R  |e author  |9 378299 
245 1 0 |a Sátira e invectiva en la España medieval 
300 |a 375 p 
942 |c BK 
945 |d 19970117 00:00:00  |a rleighto 
260 |a Madrid  |b Gredos  |c 1971 
650 0 |a Literatura española  |9 306261 
650 0 |a Sátira española  |9 314591 
650 0 |a Historia y crítica   |9 257407 
583 |a last modification  |c 19970117 00:00:00  |k Rodrigo Vera 
490 0 |a Biblioteca Románica Hispánica. Estudios y Ensayos, 163 
999 |c 255981  |d 255979 
952 |0 0  |1 0  |4 0  |6 867_090000000000000_SCH_1971  |7 0  |8 A  |9 278489  |a BIBEDU  |b BIBEDU  |d 2019-11-19  |i 3270793  |o 867.09 SCH 1971  |p 3270793  |r 2019-11-19  |w 2019-11-19  |y BK  |k LIT